000
00256 a2200133 4500
001
59407
020
_a
040
_c
Anchieta - Pituba
240
1
0
_a
Brasil 500 anos
_l
por
245
1
0
_a
Brasil 500 anos
300
_a
768
650
4
_a
Brasil
942
_c
BK
999
_c
59407
_d
59407